000 00755nam a2200145 a 4500
008 100830s2010 ||||||||||||||||| || u
050 _aUN-ESCWA(02)
110 _aUnited Nations Economic and Social Commission for Western Asia (ESCWA)
245 1 0 _aEconomic and Social Commission for Western Asia report on the twenty-sixth session 17-20 May 2010
260 _aNew York
_bUnited Nations Economic and Social Commission for Western Asia (UN-ESCWA)
_c2010
300 _a44p.
350 _a0.00
650 0 _aUNITED NATIONS ECONOMIC AND SOCIAL COMMISSION FOR WESTERN ASIA (ESCWA)--REPORTS
995 _D0.00
_FCBU-MAIN LIBRARY (Kitwe)
_H1
_I0.00
_M1
_UAVAILABLE
_WSep 1, 2010
_ZInternational Publications
999 _c40739
_d40739